Stéphane Macé, L’Éden perdu. La pastorale dans la poésie française de l’âge baroque, Paris, Honoré Champion, 2002. Un vol. 16 × 24 cm de 437 p. (notice n° 1600022)
[ vue normale ]
| 000 -LEADER | |
|---|---|
| fixed length control field | 00589cam a2200145 4500500 |
| 005 - DATE AND TIME OF LATEST TRANSACTION | |
| control field | 20251228082905.0 |
| 041 ## - LANGUAGE CODE | |
| Language code of text/sound track or separate title | fre |
| 042 ## - AUTHENTICATION CODE | |
| Authentication code | dc |
| 100 10 - MAIN ENTRY--PERSONAL NAME | |
| Personal name | Greiner, Frank |
| Relator term | author |
| 245 00 - TITLE STATEMENT | |
| Title | Stéphane Macé, L’Éden perdu. La pastorale dans la poésie française de l’âge baroque, Paris, Honoré Champion, 2002. Un vol. 16 × 24 cm de 437 p. |
| 260 ## - PUBLICATION, DISTRIBUTION, ETC. | |
| Date of publication, distribution, etc. | 2005.<br/> |
| 500 ## - GENERAL NOTE | |
| General note | 61 |
| 786 0# - DATA SOURCE ENTRY | |
| Note | Dix-septième siècle | 228 | 3 | 2005-09-01 | p. 563d-574d | 0012-4273 |
| 856 41 - ELECTRONIC LOCATION AND ACCESS | |
| Uniform Resource Identifier | <a href="https://shs.cairn.info/revue-dix-septieme-siecle-2005-3-page-563d?lang=fr&redirect-ssocas=7080">https://shs.cairn.info/revue-dix-septieme-siecle-2005-3-page-563d?lang=fr&redirect-ssocas=7080</a> |
Pas d'exemplaire disponible.




Réseaux sociaux